Abbreviation Game: Time, Time, Time (Ditloids) - Statistics

General Stats
  • This quiz has been taken 141 times
  • The average score is 16 of 17
Answer Stats
Hint Answer % Correct
12 M in a Y 12 months in a year
99%
24 H in a D 24 hours in a day
99%
7 D in a W 7 days in a week
99%
100 Y in a C 100 years in a century
98%
365 D in a Y 365 days in a year
98%
60 M in an H 60 minutes in an hour
98%
60 S in a M 60 seconds in a minute
98%
10 Y in a D 10 years in a decade
97%
366 D in a L Y 366 days in a leap year
97%
4 S in a Y 4 seasons in a year
97%
52 W in a Y 52 weeks in a year
96%
29 D in F in a L Y 29 days in February in a leap year
95%
3,600 S in an H 3,600 seconds in an hour
95%
525,600 M in a Y 525,600 minutes in a year
94%
86,400 S in a D 86,400 seconds in a day
94%
1,000 Y in a M 1000 years in a millennium
85%
30 D H S A J and N 30 days hath September, April, June, and November
27%
No matching quizzes found
Score Distribution
Percent of People with Each Score
Percentile by Number Answered
Your Score History
You have not taken this quiz